Lengua y Literatura 3 : (Record no. 50867)
[ view plain ]
| 000 -CABECERA | |
|---|---|
| campo de control de longitud fija | 00948nam a22002897a 4500 |
| 003 - IDENTIFICADOR DEL NÚMERO DE CONTROL | |
| campo de control | DO-SdBNP |
| 005 - FECHA Y HORA DE LA ÚLTIMA TRANSACCIÓN | |
| campo de control | 20240305073651.0 |
| 007 - CAMPO FIJO DE DESCRIPCIÓN FÍSICA--INFORMACIÓN GENERAL | |
| campo de control de longitud fija | ta |
| 008 - DATOS DE LONGITUD FIJA--INFORMACIÓN GENERAL | |
| campo de control de longitud fija | 211103b2005 a|||| |||| 00| 0 spa d |
| 020 ## - NÚMERO INTERNACIONAL ESTÁNDAR DEL LIBRO | |
| Número Internacional Estándar del Libro | 9945110446 |
| 040 ## - FUENTE DE LA CATALOGACIÓN | |
| Centro catalogador/agencia de origen | DO-SdBNP |
| Lengua de catalogación | spa |
| Centro/agencia transcriptor | BNPHU |
| 082 4# - NÚMERO DE LA CLASIFICACIÓN DECIMAL DEWEY | |
| Número de edición | 22 |
| Número de clasificación | 372.4 |
| Número de documento/Ítem | R426l |
| 110 ## - ENTRADA PRINCIPAL--NOMBRE DE ENTIDAD CORPORATIVA | |
| Nombre de entidad corporativa o nombre de jurisdicción como elemento de entrada | República Dominicana. Secretaría de Estado de Educación |
| 9 (RLIN) | 607 |
| 245 10 - MENCIÓN DE TÍTULO | |
| Título | Lengua y Literatura 3 : |
| Resto del título | educación media ; 1re. grado ; segundo ciclo / |
| Mención de responsabilidad, etc. | Secretaría de Estado de Educación |
| 260 ## - PUBLICACIÓN, DISTRIBUCIÓN, ETC. | |
| Lugar de publicación, distribución, etc. | Santo Domingo : |
| Nombre del editor, distribuidor, etc. | Santillana, |
| Fecha de publicación, distribución, etc. | 2005. |
| 300 ## - DESCRIPCIÓN FÍSICA | |
| Extensión | 279 p. : |
| Otras características físicas | il.; fot. |
| Dimensiones | 27 cm |
| 490 ## - MENCIÓN DE SERIE | |
| Mención de serie | Ambar |
| 500 ## - NOTA GENERAL | |
| Nota general | Libro de texto. |
| 500 ## - NOTA GENERAL | |
| Nota general | Gestión educativa 2004-2008. |
| 590 ## - NOTA LOCAL (RLIN) | |
| Nota local | Inventariado, 2021 / SA |
| 650 40 - PUNTO DE ACCESO ADICIONAL DE MATERIA--TÉRMINO DE MATERIA | |
| 9 (RLIN) | 43315 |
| Término de materia o nombre geográfico como elemento de entrada | Lengua y literatura |
| 650 40 - PUNTO DE ACCESO ADICIONAL DE MATERIA--TÉRMINO DE MATERIA | |
| 9 (RLIN) | 5023 |
| Término de materia o nombre geográfico como elemento de entrada | Literatura |
| Subdivisión general | Enseñanza |
| 700 1# - PUNTO DE ACCESO ADICIONAL--NOMBRE DE PERSONA | |
| Nombre de persona | Osorio Meza, María José |
| 9 (RLIN) | 80475 |
| 700 1# - PUNTO DE ACCESO ADICIONAL--NOMBRE DE PERSONA | |
| Nombre de persona | García Cartagena, Manuel |
| 9 (RLIN) | 12067 |
| 910 ## - DATOS DE OPCIÓN DEL USUARIO (OCLC) | |
| Datos de opción del usuario | Saquino |
| 942 ## - ELEMENTOS DE PUNTO DE ACCESO ADICIONAL (KOHA) | |
| Fuente del sistema de clasificación o colocación | Dewey Decimal Classification |
| Tipo de ítem Koha | Libro |
| Estado de retiro | Estado de pérdida | Fuente del sistema de clasificación o colocación | Restricciones de uso | No para préstamo | Código de colección | Localización permanente | Ubicación/localización actual | Ubicación en estantería | Fecha de adquisición | Fuente de adquisición | Total de préstamos | Signatura topográfica completa | Código de barras | Fecha visto por última vez | Número de copia | Precio válido a partir de | Tipo de ítem Koha | Nota pública |
|---|---|---|---|---|---|---|---|---|---|---|---|---|---|---|---|---|---|---|
| Dewey Decimal Classification | Excluido de préstamo | Monografías: Libros y Folletos | Biblioteca Nacional Pedro Henríquez Ureña | Patrimonio Dominicano | En catalogación | 13.10.2016 | Donado | BNPHU PD 372.4 R426l | 2021-27803 | 03.11.2021 | 3ro. Bach. | 03.11.2021 | Libro | S/A |
